000 01263naa a22003377a 4500
001 BR8104923
003 BR-BrBNA
005 20240918174810.0
007 ta
008 230509b bl.||||| |||| 00| 0 por d
040 _aBR-BrBNA
_bpor
_cBiblioteca Nacional de Agricultura
041 _a(Pt)
072 _aP10
_b/G514
_bGZ12
090 _aP10 BR8104923
100 1 _aBatista, L.F.
111 1 _a4. Simposio Brasileiro de Hidrologia e Recursos Hidricos
_cFortaleza, CE (Brazil)
_d15 Nov 1981
245 1 _aPesquisas hidrologicas em regioes semi-aridas [regiao Nordeste, Brasil]
260 3 _aSao Paulo, SP (Brasil):
_c1981.
500 _aAnais do 4. Simposio Brasileiro de Hidrologia e Recursos Hidricos. v. 4: mesas-redondas Sao Paulo, SP (Brasil): 1981. p. 478-491 (BR8104923-AM)P10
650 _aRECURSO HIDRICO
650 _aAGUAS SUBTERRANEAS
650 _aAGUAS SUPERFICIAIS
650 _aCAPTACAO D'AGUA
650 _aAGUA
650 _aCONSERVACAO
650 _aZONA SEMI-ARIDA
650 _aREGIAO NORDESTE
773 0 _tAnais do 4. Simposio Brasileiro de Hidrologia e Recursos Hidricos. v. 4: mesas-redondas
_wP10 BR8104923
_gSao Paulo, SP (Brasil), 1981. p. 478-491
909 _a202404
_bLucia
_c55
_dLucia Elande
942 _cAM
_2AGRIS
999 _c313657
_d313657